Library of the University of Algiers 3
Ibrahim Sultan Cheibout
شعار جامعة الجزائر 3
مكتبة جامعة الجزائر 3
إبراهيم سلطان شيبوط

الشراكة بين مشاريع القطاعين العام و الخاص : (رقم التسجيلة. 44031)

تفاصيل مارك
000 -LEADER
fixed length control field 01921nam a2200253Ia 4500
003 - CONTROL NUMBER IDENTIFIER
control field Ost
005 - DATE AND TIME OF LATEST TRANSACTION
control field 20260507075334.0
008 - FIXED-LENGTH DATA ELEMENTS--GENERAL INFORMATION
fixed length control field 260507s9999||||xx |||||||||||||| ||und||
020 ## - INTERNATIONAL STANDARD BOOK NUMBER
International Standard Book Number 96153299579
040 ## - CATALOGING SOURCE
Transcribing agency fsecg
041 ## - LANGUAGE CODE
Language code of text/sound track or separate title ara
082 ## - DEWEY DECIMAL CLASSIFICATION NUMBER
Classification number 330
100 ## - MAIN ENTRY--PERSONAL NAME
Personal name القهيوي، ليث عبد الله
Relator term مؤلف
245 #0 - TITLE STATEMENT
Title الشراكة بين مشاريع القطاعين العام و الخاص :
Remainder of title الاطار النظري و التطبيق العملي /
Statement of responsibility, etc. ليث عبد الله القهيوي
260 ## - PUBLICATION, DISTRIBUTION, ETC.
Place of publication, distribution, etc. عمان:
Name of publisher, distributor, etc. دار الحامد,
Date of publication, distribution, etc. 2012
300 ## - PHYSICAL DESCRIPTION
Extent 240 صفحة؛
Dimensions 25 سم
504 ## - BIBLIOGRAPHY, ETC. NOTE
Bibliography, etc. note فهرس الاشكال ص.13
520 ## - SUMMARY, ETC.
Summary, etc. مقدمة للشراكة بين القطاعين العام و الخاص و تحليل الشراكة و مراحلها ، طلب الشراكة بين القطاعين العام و الخاص و الخطوات اللازمة لذلك ، الشريك الخاص ، ادارة عقود الشراكة ، ادارة مشاريع الشراكة بين القطاعين بالتطرق الى : ادارة المخاطر ، السياسات و القوانين الجديدة و المجددة ، الادارة المالية ، الموافقات الحكومية ، الاتصال و الاعلام و مشاكل أصحاب المصلحة و ادارة العلاقات ، ادارة الموارد البشرية و فض النزاعات ، ادارة المعرفة على مستوى المشروع و على المستوى الوطني ، مراجعة مشاريع الشراكة بين هذين القطاعين ، مفهوم الشراكة بين القطاعين العام و الخاص في مجال المسؤولية الاجتماعية
653 ## - INDEX TERM--UNCONTROLLED
Uncontrolled term الشراكة
653 ## - INDEX TERM--UNCONTROLLED
Uncontrolled term القطاع الخاص
653 ## - INDEX TERM--UNCONTROLLED
Uncontrolled term القطاع العام
700 ## - ADDED ENTRY--PERSONAL NAME
Personal name الوادي، بلال محمود
Relator term مؤلف ثانوي
942 ## - ADDED ENTRY ELEMENTS (KOHA)
Koha item type كتب
المقتنيات
Withdrawn status Lost status Source of classification or shelving scheme Damaged status Not for loan Home library Current library Date acquired Serial enumeration / chronology Inventory number Total checkouts Full call number Barcode Date last seen Price effective from Koha item type
    Dewey Decimal Classification   NOT LOAN / إعارة داخلية مكتبة كلية العلوم الإقتصادية والعلوم التجارية وعلوم التسيير مكتبة كلية العلوم الإقتصادية والعلوم التجارية وعلوم التسيير 07/05/2026 الطابق الأرضي 22257   أ/4065ن1 22257 07/05/2026 07/05/2026 كتب
    Dewey Decimal Classification   Available مكتبة كلية العلوم الإقتصادية والعلوم التجارية وعلوم التسيير مكتبة كلية العلوم الإقتصادية والعلوم التجارية وعلوم التسيير 07/05/2026 الطابق الأرضي 22258   أ/4065ن2 22258 07/05/2026 07/05/2026 كتب
    Dewey Decimal Classification   Available مكتبة كلية العلوم الإقتصادية والعلوم التجارية وعلوم التسيير مكتبة كلية العلوم الإقتصادية والعلوم التجارية وعلوم التسيير 07/05/2026 الطابق الأرضي 22259   أ/4065ن3 22259 07/05/2026 07/05/2026 كتب
    Dewey Decimal Classification   Available مكتبة كلية العلوم الإقتصادية والعلوم التجارية وعلوم التسيير مكتبة كلية العلوم الإقتصادية والعلوم التجارية وعلوم التسيير 07/05/2026 الطابق الأرضي 22260   أ/4065ن4 22260 07/05/2026 07/05/2026 كتب
    Dewey Decimal Classification   Available مكتبة كلية العلوم الإقتصادية والعلوم التجارية وعلوم التسيير مكتبة كلية العلوم الإقتصادية والعلوم التجارية وعلوم التسيير 07/05/2026 الطابق الأرضي 22261   أ/4065ن5 22261 07/05/2026 07/05/2026 كتب
    Dewey Decimal Classification   Available مكتبة كلية العلوم الإقتصادية والعلوم التجارية وعلوم التسيير مكتبة كلية العلوم الإقتصادية والعلوم التجارية وعلوم التسيير 07/05/2026 الطابق الثاني 22262   أ/4065ن6 22262 07/05/2026 07/05/2026 كتب
    Dewey Decimal Classification   Available مكتبة كلية العلوم الإقتصادية والعلوم التجارية وعلوم التسيير مكتبة كلية العلوم الإقتصادية والعلوم التجارية وعلوم التسيير 07/05/2026 الطابق الثاني 22263   أ/4065ن7 22263 07/05/2026 07/05/2026 كتب
    Dewey Decimal Classification   Available مكتبة كلية العلوم الإقتصادية والعلوم التجارية وعلوم التسيير مكتبة كلية العلوم الإقتصادية والعلوم التجارية وعلوم التسيير 07/05/2026 مكتبة بن عكنون 22264   أ/4065ن8 22264 07/05/2026 07/05/2026 كتب
    Dewey Decimal Classification   Available مكتبة كلية العلوم الإقتصادية والعلوم التجارية وعلوم التسيير مكتبة كلية العلوم الإقتصادية والعلوم التجارية وعلوم التسيير 07/05/2026 مكتبة بن عكنون 22265   أ/4065ن9 22265 07/05/2026 07/05/2026 كتب

موارد الويب المفتوحة


© University of Algiers 3 All Rights Reserved
|
Implemented by LECHELAH Riad